Random Brand Logo Quiz #4 - Statistics

General Stats
  • This quiz has been taken 645 times
  • The average score is 16 of 25
Answer Stats
Picture Answer % Correct
NASA
95%
Olympics
92%
McDonald's
89%
Amazon
88%
Disney
87%
Doritos
87%
Nickelodeon
86%
Cheetos
85%
Monopoly
85%
Ghostbusters
84%
Hulu
78%
Kellogg's
70%
Ray-Ban
66%
CVS
61%
The New York Times
61%
Tiffany & Co.
57%
Wells Fargo
54%
Dole
53%
American Express
50%
Hoover
42%
Nascar
41%
TiVo
36%
AOL
33%
Morton's
33%
AOL Instant Messenger
15%
No matching quizzes found
Score Distribution
Percent of People with Each Score
Percentile by Number Answered
Your Score History
You have not taken this quiz